<?xml version="1.0" encoding="UTF-8"?>
<record
    xmlns:xsi="http://www.w3.org/2001/XMLSchema-instance"
    xsi:schemaLocation="http://www.loc.gov/MARC21/slim http://www.loc.gov/standards/marcxml/schema/MARC21slim.xsd"
    xmlns="http://www.loc.gov/MARC21/slim">

  <leader>00649cam a22002051  4500</leader>
  <controlfield tag="001">ca 30000230 </controlfield>
  <controlfield tag="003">DLC</controlfield>
  <controlfield tag="005">20260227111122.0</controlfield>
  <controlfield tag="008">880506s1909    pl            000 0 pol  </controlfield>
  <datafield tag="010" ind1=" " ind2=" ">
    <subfield code="a">ca 30000230 </subfield>
  </datafield>
  <datafield tag="035" ind1=" " ind2=" ">
    <subfield code="a">(OCoLC)17913633</subfield>
  </datafield>
  <datafield tag="040" ind1=" " ind2=" ">
    <subfield code="a">DLC</subfield>
    <subfield code="c">MiDW</subfield>
    <subfield code="d">MiDW</subfield>
    <subfield code="d">DLC</subfield>
  </datafield>
  <datafield tag="042" ind1=" " ind2=" ">
    <subfield code="a">premarc</subfield>
  </datafield>
  <datafield tag="050" ind1="0" ind2="0">
    <subfield code="a">PG7158.P4</subfield>
    <subfield code="b">I4</subfield>
  </datafield>
  <datafield tag="100" ind1="1" ind2=" ">
    <subfield code="a">Perzy&#x144;ski, W&#x142;odzimierz,</subfield>
    <subfield code="d">1878-1930.</subfield>
  </datafield>
  <datafield tag="245" ind1="1" ind2="0">
    <subfield code="a">Ideali&#x15B;ci,</subfield>
    <subfield code="b">trzy jednoaktowe fragmenty sceniczne ...</subfield>
  </datafield>
  <datafield tag="260" ind1=" " ind2=" ">
    <subfield code="a">Lw&#xF3;w,</subfield>
    <subfield code="b">Nak&#x142;adem ksi&#x119;garni polskiej B. Po&#x142;onieckiego; [etc., etc.]</subfield>
    <subfield code="c">1909.</subfield>
  </datafield>
  <datafield tag="300" ind1=" " ind2=" ">
    <subfield code="a">3 p. l., [3]-59 p.</subfield>
    <subfield code="c">20 cm.</subfield>
  </datafield>
  <datafield tag="505" ind1="0" ind2=" ">
    <subfield code="a">D&#x142;ug wdzi&#x119;czno&#x15B;ci.--Sezon.--Recenzyjka.</subfield>
  </datafield>
  <datafield tag="999" ind1=" " ind2=" ">
    <subfield code="c">16593</subfield>
    <subfield code="d">16593</subfield>
  </datafield>
</record>
